00662cam a22002053a 45000010005000000030006000050050017000110080041000280400015000690420007000840500010000911000033001012450128001342600029002625060030002915160020003216530046003418300028003878560041004159997PGUSA20140828083218.0060201s2006||||xxu|||||s|||||000 | eng d aPGUSAbeng adc 4aF10011 aParkman, Francis,d1823-189310aFrance and England in North America; a Series of Historical Narratives — Part 3h[electronic resource] /cFrancis Parkman bProject Gutenberg,c2006 aPublic domain in the USA. aElectronic text aCanada -- History -- To 1763 (New France) 0aProject Gutenbergv999740uhttp://www.gutenberg.org/ebooks/9997